000 00642nam a2200193Ia 4500
008 151121s9999||||xx |||||||||||||| ||und||
082 _a398।2/ बाबर
082 _bHNW-64317
100 _aबाबर सरोजिनी
245 _aदसरा- दिवाळी
260 _bमहाराष्ट्र लोकसाहित्यमाला समिती
260 _c--
300 _a803
600 _aबाबर सरोजिनी
630 _aदसरा- दिवाळी
700 _aबाबर सरोजिनी
730 _aदसरा- दिवाळी
942 _cBOOK
999 _c1245844
_d1245841